Proces registrácie ochranných známok tradičných a regionalných potravín na Slovensku a v Európskej únii

Politika kvality Európskej únie pre poľnohospodárske produkty v rámci Spoločnej poľnohospodárskej politiky. Ochrana poľnohospodárskych výrobkov a potravín a podpora ich predaja. Požiadavky na surovinové zloženie a technologický postup výroby. Proces registrácie ochranných známok regionalných potraví...

Ausführliche Beschreibung

Gespeichert in:
Bibliographische Detailangaben
1. Verfasser: Jarossová, Malgorzata Agnieszka, 1978-
Weitere Verfasser: Filo, Peter, Dudeková, Alena, 1986-
Format: Buchkapitel
Sprache:Slowakisch
Schlagworte:
Tags: Tag hinzufügen
Keine Tags, Fügen Sie das erste Tag hinzu!

MARC

LEADER 00000nla a2200000 4500
001 0195289
005 20240502073255.3
041 0 |a slo 
044 |a SK 
245 1 0 |a Proces registrácie ochranných známok tradičných a regionalných potravín na Slovensku a v Európskej únii  |c Malgorzata A. Jarossová, Peter Filo, Alena Dudeková 
520 |a Politika kvality Európskej únie pre poľnohospodárske produkty v rámci Spoločnej poľnohospodárskej politiky. Ochrana poľnohospodárskych výrobkov a potravín a podpora ich predaja. Požiadavky na surovinové zloženie a technologický postup výroby. Proces registrácie ochranných známok regionalných potravín. Informácie o európskych ochranných značkách, čo tieto označenia znamenajú a akú majú hodnotu. 
610 2 0 |a kvalita potravín 
610 2 0 |a známky ochranné 
610 2 0 |a podpora predaja 
610 2 0 |a výrobky poľnohospodárske 
610 2 0 |a politika poľnohospodárska spoločná 
610 2 0 |a spolupráca medzinárodná 
610 2 0 |a Európska únia 
610 2 0 |a Slovensko 
100 1 |a Jarossová, Malgorzata Agnieszka, 1978- 
700 1 |a Filo, Peter 
700 1 |a Dudeková, Alena, 1986-